000 00748nam a2200265Ia 4500
001 dia_2287
003 CHAP
005 20251027152218.0
008 220117s1993 xx 000 0 und d
010 _a172807
040 _cCHAP
082 _a641.862 M3
100 _aMallett, C.P.
_9152522
245 _aFrozen Food Technology /
_c by C.P. Mallett
260 _aLondon :
_b Blackie Academic & Profesional,
_c1993
300 _a337 p.
500 _aI.179242
650 _a1.Alimentos
_xtecnología/
_9148925
650 _aAlimento
_xempaque.
_9152523
650 _aAlimentos
_xconservación/
_94179
901 _a641.862 M3
902 _aM
905 _a0000001993 LONA 0000000000ING00
942 _cLIBRO
_2ddc
999 _c172807
_d172807